Movies Quiz

Random Movies or Role Quiz

5-Star Oscar Nominated Actors Quiz Stats

 Plays Quiz Updated Jul 15, 2017

Support Sporcle.
Go Orange.
Score 0/50 Timer 07:00
3 Plays Today
% Correct
One Flew Over the Cuckoo's Nest
94.5%
As Good As it Gets
92.3%
The Wolf of Wall Street
89.8%
The Revenant
88.7%
Breakfast at Tiffany's
87.8%
The Aviator
86.8%
The Devil Wears Prada
86.3%
Rain Man
86.3%
Scent of a Woman
85.2%
Blood Diamond
84.6%
Sophie's Choice
84.5%
The Graduate
84.5%
What's Eating Gilbert Grape
81.5%
Chinatown
81.3%
Serpico
80.4%
Tootsie
80.3%
Cool Hand Luke
80.2%
It's a Wonderful Life
79.8%
Dog Day Afternoon
79.1%
Out of Africa
78.4%
Mr. Smith Goes to Washington
76.4%
Roman Holiday
76.1%
Midnight Cowboy
73%
The Color of Money
71.7%
Boogie Nights
70.9%
% Correct
The Hustler
70.7%
Easy Rider
68.6%
Sabrina
68.1%
Still Alice
67.9%
Terms of Endearment
67.2%
On Golden Pond
65.7%
The Deer Hunter
62.5%
The Philadelphia Story
61.7%
The Hours
60.4%
Glengarry Glen Ross
58.6%
Klute
57.3%
They Shoot Horses, Don't They?
54.7%
Harvey
54.5%
The Nun's Story
53.2%
The Verdict
53%
Road to Perdition
52.1%
Anatomy of a Murder
52%
The China Syndrome
51.5%
Coming Home
51%
...And Justice for All
46.2%
Lenny
44.7%
Far From Heaven
44.2%
Adaptation
43.6%
The End of the Affair
42.9%
Wait Until Dark
37.4%

You're not logged in!

Compare scores with friends on all Sporcle quizzes.
OR
Log In
Forgot?

From the Vault

Blitz: Africa by Any 3 Letters

by LTH

Please don't try to use Egyptian hieroglyphs.
Remove Ads.
Support Sporcle.
Get the best of Sporcle when you Go Orange. This ad-free experience offers more features, more stats, and more fun while also helping to support Sporcle. Thank you for becoming a member.

Show Comments

Extras

Top Quizzes Today


Score Distribution

Your Account Isn't Verified!

In order to create a playlist on Sporcle, you need to verify the email address you used during registration. Go to your Sporcle Settings to finish the process.

Report this User

Report this user for behavior that violates our Community Guidelines.

Details: